[Event "Mistrzostwa Polski Juniorow Mlodszych do lat 14 - OOM Zachodniopomorskie 2023"]
[Site "Darlowek"]
[Date "1899-12-30"]
[Round "7.10"]
[White "Micula, Jakub"]
[Black "Rekuc, Patryk"]
[Result "0-1"]
[WhiteTitle "I"]
[BlackTitle "I"]
[WhiteElo "1600"]
[BlackElo "1852"]

1. e4 c5 2. Nf3 Nc6 3. b4 cxb4 4. d4 d6 5. a3 Nf6 6. Nbd2 b3 7. cxb3 Bg4 8. Bb2
a6 9. Be2 e6 10. O-O Be7 11. h3 Bxf3 12. Bxf3 d5 13. e5 Nd7 14. Be2 Qb6 15. Bd3
Nxd4 16. Qg4 Nxb3 17. Qxg7 Rf8 18. Rad1 h5 19. Nf3 O-O-O 20. Rb1 Qa5 21. Qh7 Kb8
22. Qxh5 Ka8 23. Qh6 Nbc5 24. Bc2 Rc8 25. Qe3 Na4 26. Qb3 b5 27. Rfd1 Nxb2 28.
Rxb2 Rc3 29. Qa2 Rxa3 30. Qb1 Rg8 31. Kf1 Qc7 32. Re1 Qc4+ 33. Re2 Rc8 34. Bb3
Qf4 35. Rec2 Rxc2 36. Rxc2 Nxe5 37. Qb2 Bd6 38. Qc3 Nc4 39. Qh8+ Kb7 40. Bxc4
dxc4 41. Qe8 Ra1+ 42. Ne1 Bb4 43. Re2 Qc7 44. h4 c3 45. Rc2 Qc4+ 0-1

[Event "Mistrzostwa Polski Juniorow Mlodszych do lat 14 - OOM Zachodniopomorskie 2023"]
[Site "Darlowek"]
[Date "1899-12-30"]
[Round "7.11"]
[White "Butkiewicz, Jan"]
[Black "Futyma, Dawid"]
[Result "1/2-1/2"]
[WhiteTitle "I"]
[BlackTitle "I"]
[WhiteElo "1691"]
[BlackElo "1519"]

1. d4 Nf6 2. c4 c5 3. d5 b5 4. cxb5 a6 5. e3 g6 6. Nc3 Bg7 7. a4 d6 8. Qc2 O-O
9. Bd2 axb5 10. Bxb5 Na6 11. Bxa6 Bxa6 12. Nge2 Qb6 13. e4 Rfb8 14. Rb1 Qb3 15.
Qxb3 Rxb3 16. Nc1 Rb7 17. f3 Rab8 18. Nb5 Bxb5 19. axb5 Rxb5 20. b3 Nd7 21. Kd1
c4 22. Kc2 e6 23. Re1 cxb3+ 24. Nxb3 Rc8+ 25. Kd3 exd5 26. exd5 Rxd5+ 27. Ke2
Re8+ 28. Kf1 Rxe1+ 29. Rxe1 Kf8 30. Bf4 g5 31. Bg3 Be5 32. Bf2 Rb5 33. Nd4 Rb2
34. Nf5 f6 35. Rd1 Kf7 36. Nxd6+ Bxd6 37. Rxd6 Rb1+ 38. Ke2 Ke7 39. Rd1 Rxd1 40.
Kxd1 Ke6 41. h4 h6 42. hxg5 hxg5 43. Ke2 Kd5 44. Be3 Kc4 45. Bc1 Nb6 46. g4 Nd5
47. f4 1/2-1/2

[Event "Mistrzostwa Polski Juniorow Mlodszych do lat 14 - OOM Zachodniopomorskie 2023"]
[Site "Darlowek"]
[Date "1899-12-30"]
[Round "7.12"]
[White "Dobosiewicz, Dawid"]
[Black "Jablonski, Antoni"]
[Result "1/2-1/2"]
[WhiteTitle "I+"]
[BlackTitle "II+"]
[WhiteElo "1872"]
[BlackElo "1567"]

1. e4 c5 2. Nc3 d6 3. f4 g6 4. Nf3 Bg7 5. Bb5+ Bd7 6. Bxd7+ Qxd7 7. d3 Nc6 8. O-O
e6 9. f5 Nf6 10. fxe6 fxe6 11. Bg5 O-O 12. e5 Ng4 13. exd6 Qxd6 14. g3 Bd4+ 15.
Kg2 Rf5 16. h3 Ne3+ 17. Bxe3 Bxe3 18. Ne4 Qe7 19. Qe2 Bd4 20. c3 Bg7 21. g4 Rd5
22. Rae1 Rad8 23. Nf2 e5 24. Rd1 Re8 25. Rfe1 Kh8 26. Qe4 Rd7 27. h4 Nd8 28. Nh3
Nf7 29. Nhg5 Nd6 30. Qa4 h6 31. Ne4 b5 32. Qa6 Qe6 33. Nh2 Nxe4 34. Qxe6 Rxe6
35. dxe4 Red6 36. Rxd6 Rxd6 37. Re2 Kg8 38. Nf1 Bf6 39. h5 Bg5 40. Nh2 Bf4 41.
Nf3 g5 42. Kf2 Kf7 43. Re1 a5 44. Ke2 c4 45. Rd1 Ke6 46. Ne1 Rxd1 47. Kxd1 Kd6
48. Kc2 Kc5 49. b3 Kc6 50. Kb2 Kc5 51. Nc2 Bd2 52. Na1 1/2-1/2

[Event "Mistrzostwa Polski Juniorow Mlodszych do lat 14 - OOM Zachodniopomorskie 2023"]
[Site "Darlowek"]
[Date "1899-12-30"]
[Round "7.13"]
[White "Zmarzly, Wiktor"]
[Black "Wojtacha, Krzysztof"]
[Result "1-0"]
[WhiteTitle "I+"]
[BlackTitle "I"]
[WhiteElo "1763"]
[BlackElo "1505"]

1. c4 e5 2. Nc3 Nf6 3. g3 c6 4. d4 exd4 5. Qxd4 d5 6. Bg2 Be6 7. cxd5 cxd5 8. Bg5
Nc6 9. Qa4 Qb6 10. Qb5 Qxb5 11. Nxb5 O-O-O 12. Nf3 a6 13. Nc3 Be7 14. O-O h6 15.
Bxf6 Bxf6 16. Rfd1 Kb8 17. Ne1 Bxc3 18. bxc3 Ne5 19. Nd3 Nxd3 20. Rxd3 Rd7 21.
Rad1 Rhd8 22. a3 Kc7 23. h3 b5 24. a4 bxa4 25. Rd4 Rd6 26. Rxa4 Rb8 27. Rad4 Rbd8
28. Rb4 Rb8 29. Rxb8 Kxb8 30. e4 Kc7 31. exd5 Bf5 32. g4 Bc2 33. Rc1 Bb3 34. c4
Rd8 35. Rc3 Bd1 36. c5 Ba4 37. d6+ Kd7 38. Bb7 Bc6 39. Bxa6 Ra8 40. Bd3 g5 41.
f3 Ra1+ 42. Kf2 Ra2+ 43. Ke3 Rb2 44. Bf5+ Kd8 45. Be4 Bb5 46. c6 Ba6 47. Ra3 Re2+
48. Kd4 Rd2+ 49. Bd3 Bc8 50. Ra8 1-0

[Event "Mistrzostwa Polski Juniorow Mlodszych do lat 14 - OOM Zachodniopomorskie 2023"]
[Site "Darlowek"]
[Date "1899-12-30"]
[Round "7.14"]
[White "Majcher, Igor"]
[Black "Durzynski, Jan"]
[Result "1-0"]
[WhiteTitle "II+"]
[BlackTitle "I"]
[WhiteElo "1646"]
[BlackElo "1499"]

1. e4 c5 2. Nf3 e6 3. d4 cxd4 4. Nxd4 a6 5. Bd3 Nf6 6. O-O d6 7. Nc3 Be7 8. h3
O-O 9. Be3 b5 10. a4 b4 11. Nce2 Bb7 12. Ng3 Nbd7 13. Nb3 Nc5 14. Nxc5 dxc5 15.
Qe2 Qc7 16. b3 Rfd8 17. f4 Qc6 18. Bc1 Qb6 19. Kh1 Bc6 20. Bb2 Qb7 21. Rae1 Rd7
22. Rf2 a5 23. f5 Qc7 24. e5 Nd5 25. fxe6 fxe6 26. Qh5 g6 27. Qg4 Rf8 28. Qxe6+
Kg7 29. Rxf8 Bxf8 30. Qg4 Nc3 31. e6 1-0

[Event "Mistrzostwa Polski Juniorow Mlodszych do lat 14 - OOM Zachodniopomorskie 2023"]
[Site "Darlowek"]
[Date "1899-12-30"]
[Round "7.15"]
[White "Jaszczuk, Piotr"]
[Black "Jasiulewicz, Dawid"]
[Result "1-0"]
[WhiteTitle "II"]
[BlackTitle "I"]
[WhiteElo "1556"]
[BlackElo "1927"]

1. e4 c5 2. Nf3 d6 3. d4 cxd4 4. Nxd4 Nf6 5. Nc3 a6 6. Be3 e5 7. Nb3 Be6 8. f3
h5 9. Qd2 Nbd7 10. Be2 Rc8 11. O-O Be7 12. Rac1 O-O 13. Nd5 Bxd5 14. exd5 Nh7
15. f4 exf4 16. Bxf4 g6 17. c4 Bg5 18. Rc3 Ne5 19. Kh1 Kh8 20. c5 Bxf4 21. Qxf4
Qe7 22. Rfc1 dxc5 23. Nxc5 Ng4 24. Bxg4 hxg4 25. d6 Qf6 26. Qxf6+ Nxf6 27. Nxb7
Rxc3 28. bxc3 Rb8 29. Nc5 Rb6 30. Rd1 Rc6 31. d7 Nxd7 32. Nxd7 Rxc3 33. Ne5 f5
34. Nxg6+ Kg7 35. Ne7 Ra3 36. Rd2 Kf6 37. Nd5+ Ke5 38. g3 Ra5 39. Nf4 Ke4 40.
Kg2 Ra3 41. Re2+ Kd4 42. Rf2 a5 43. Ne6+ Ke4 44. Ng7 a4 45. Nxf5 1-0

[Event "Mistrzostwa Polski Juniorow Mlodszych do lat 14 - OOM Zachodniopomorskie 2023"]
[Site "Darlowek"]
[Date "1899-12-30"]
[Round "7.16"]
[White "Stachowiak, Bruno"]
[Black "Olszewski, Antoni"]
[Result "0-1"]
[WhiteTitle "II"]
[BlackTitle "II+"]
[WhiteElo "1596"]
[BlackElo "1821"]

1. e4 c5 2. c4 Nc6 3. Ne2 Nf6 4. Nbc3 e6 5. g3 d5 6. exd5 exd5 7. d4 Bg4 8. Be3
Bf3 9. Rg1 cxd4 10. Bxd4 Bb4 11. Qa4 Bxc3+ 12. Bxc3 dxc4 13. Qxc4 O-O 14. Qf4
Bxe2 15. Bxe2 Nd5 16. Qd2 Nxc3 17. Qxd8 Raxd8 18. bxc3 Rfe8 19. Rd1 Ne5 20. Rxd8
Rxd8 21. f4 Nd3+ 22. Kf1 Nc1 23. Bc4 Nxa2 24. Bxa2 Rd1+ 25. Kf2 Rd2+ 26. Ke3 Rxa2
27. h3 Kf8 28. Kd4 Ke7 29. Kc5 Ra5+ 30. Kb4 Rd5 31. c4 Rd3 32. h4 Kd6 33. g4 Kc6
34. h5 b6 35. g5 a5+ 36. Ka4 Rc3 37. g6 Rxc4+ 38. Kb3 Rb4+ 39. Kc3 hxg6 40. hxg6
Rxf4 41. gxf7 Rxf7 42. Rg6+ Kb5 0-1

[Event "Mistrzostwa Polski Juniorow Mlodszych do lat 14 - OOM Zachodniopomorskie 2023"]
[Site "Darlowek"]
[Date "1899-12-30"]
[Round "7.17"]
[White "Rajlich, Vaclav"]
[Black "Nowakowski, Maksymilian"]
[Result "1/2-1/2"]
[WhiteTitle "I"]
[BlackTitle "I"]
[WhiteElo "1530"]
[BlackElo "1788"]

1. e4 e6 2. d4 d5 3. Nd2 c5 4. exd5 Qxd5 5. Ngf3 cxd4 6. Bc4 Qd6 7. O-O Nc6 8.
Nb3 Nf6 9. Nbxd4 a6 10. Bb3 Bd7 11. Re1 Qc7 12. Nxc6 Bxc6 13. Ne5 Bd6 14. Bf4
O-O-O 15. Nxc6 Qxc6 16. Bxd6 Rxd6 17. Qe2 Rhd8 18. Rad1 Qd7 19. Rxd6 Qxd6 20.
h3 Qd4 21. Qe5 Qxe5 22. Rxe5 Rd1+ 23. Kh2 Rb1 24. f4 Nd7 25. Rh5 Nf6 26. Re5 Rxb2
27. f5 Nd7 28. Re2 Nc5 29. fxe6 Nxe6 30. Rd2 Kc7 31. h4 b5 32. Rf2 Kd6 33. Rxf7
a5 34. a4 bxa4 35. Bxa4 Rb4 36. Bb3 Rxh4+ 37. Kg3 Re4 38. Ra7 Re5 39. Ra6+ Ke7
40. Bxe6 Rxe6 41. Rxa5 1/2-1/2

[Event "Mistrzostwa Polski Juniorow Mlodszych do lat 14 - OOM Zachodniopomorskie 2023"]
[Site "Darlowek"]
[Date "1899-12-30"]
[Round "7.18"]
[White "Nocek, Dominik"]
[Black "Rosa, Antoni"]
[Result "1/2-1/2"]
[WhiteTitle "I"]
[BlackTitle "I++"]
[WhiteElo "1501"]
[BlackElo "1643"]

1. e4 e6 2. d4 d5 3. Nd2 c5 4. exd5 exd5 5. Bb5+ Bd7 6. Qe2+ Qe7 7. Qxe7+ Bxe7
8. Bxd7+ Nxd7 9. dxc5 Nxc5 10. Ngf3 Nf6 11. O-O O-O 12. Nb3 Rac8 13. Nbd4 Rfe8
14. h3 h6 15. Be3 Nce4 16. Rad1 Bc5 17. Rfe1 Nd6 18. c3 Nc4 19. Bc1 Re4 20. Kf1
a6 21. Nb3 Bb6 22. Nfd4 a5 23. Nb5 Rce8 24. N3d4 Bxd4 25. Nxd4 a4 26. f3 Rxe1+
27. Rxe1 Ne5 28. b3 axb3 29. axb3 Nc6 30. Rxe8+ Nxe8 31. Be3 Nd6 32. Ke2 Kf8 33.
Kd2 Ke8 34. g4 Kd7 35. Bf2 1/2-1/2

[Event "Mistrzostwa Polski Juniorow Mlodszych do lat 14 - OOM Zachodniopomorskie 2023"]
[Site "Darlowek"]
[Date "1899-12-30"]
[Round "7.19"]
[White "Uhryn, Mateusz"]
[Black "Haladaj, Adam"]
[Result "0-1"]
[WhiteTitle "I"]
[BlackTitle "I"]
[WhiteElo "1485"]
[BlackElo "1614"]

1. d4 Nf6 2. c4 e6 3. g3 Bb4+ 4. Bd2 Qe7 5. Bg2 Nc6 6. e3 O-O 7. Ne2 Bxd2+ 8. Qxd2
d6 9. O-O e5 10. d5 Nb8 11. b4 Bf5 12. Nbc3 a5 13. a3 Nbd7 14. e4 Bg6 15. Qd3
h6 16. Rfc1 b6 17. Re1 Nh7 18. Nb5 Qd8 19. h4 f5 20. Nec3 fxe4 21. Bxe4 Bxe4 22.
Nxe4 Nhf6 23. Nxf6+ Nxf6 24. f3 Rf7 25. Kg2 Qd7 26. Rad1 Kh8 27. Rd2 Ng8 28. c5
axb4 29. cxb6 cxb6 30. axb4 Raf8 31. Re3 Ne7 32. Rc2 Nf5 33. Re4 Qd8 34. Rc6 g5
35. hxg5 Qxg5 36. Rg4 Ne3+ 37. Kh3 Nxg4 38. fxg4 h5 39. Nxd6 Qxg4+ 40. Kh2 Rf2+
41. Kg1 Rf1+ 42. Qxf1 Rxf1+ 43. Kxf1 Qd1+ 44. Kf2 Qxd5 45. b5 e4 46. Rc8+ Kh7
47. Rc7+ Kg6 48. Rc6 Kg5 49. Rc4 Qd2+ 50. Kf1 Qxd6 0-1

[Event "Mistrzostwa Polski Juniorow Mlodszych do lat 14 - OOM Zachodniopomorskie 2023"]
[Site "Darlowek"]
[Date "1899-12-30"]
[Round "7.20"]
[White "Karwot, Marek"]
[Black "Gruca, Karol"]
[Result "0-1"]
[WhiteTitle "II+"]
[BlackTitle "II+"]
[WhiteElo "1597"]
[BlackElo "1510"]

1. e4 c5 2. c3 d5 3. exd5 Qxd5 4. d4 cxd4 5. cxd4 Nf6 6. Nc3 Qd8 7. Nf3 e6 8. Bc4
Bd6 9. O-O O-O 10. Nb5 Nc6 11. Nxd6 Qxd6 12. Bg5 Rd8 13. Qb3 Na5 14. Qd3 Nxc4
15. Qxc4 b5 16. Qd3 b4 17. Rfd1 Ba6 18. Qe3 Nd5 19. Qe4 Rdc8 20. h4 h6 21. Bd2
Rc7 22. Ne5 Bb7 23. Qd3 Qe7 24. Qg3 Kh8 25. Nd3 Rc4 26. Qg4 Nf6 27. Qf4 Rd8 28.
Be3 Nd5 29. Qg4 e5 30. Rac1 Nxe3 31. fxe3 Rxc1 32. Nxc1 exd4 33. exd4 Qe3+ 34.
Kh1 Rd6 35. Qe2 Qh3+ 36. Kg1 Rg6 37. d5 Qxh4 38. Nb3 Qd8 39. Qe5 Rd6 40. Re1 Rxd5
41. Qe8+ Qxe8 42. Rxe8+ Kh7 43. Re7 Rd1+ 44. Kf2 Bd5 45. g4 Bxb3 46. axb3 Rb1
47. Re2 Kg6 48. Kf3 Rd1 49. Ke3 Kg5 50. Rf2 f6 51. Rf5+ Kxg4 52. Rf4+ Kg5 53.
Rxb4 Rb1 54. Rb7 g6 55. Rxa7 Rxb2 56. Rb7 h5 57. Kd3 h4 58. Kc3 Rb1 59. Kc2 Re1
60. Kd2 Re6 61. b4 h3 62. b5 Kg4 63. Rg7 g5 64. Rh7 Rb6 65. Ke2 Rxb5 66. Kf1 Rb2
67. Kg1 Kg3 0-1

[Event "Mistrzostwa Polski Juniorow Mlodszych do lat 14 - OOM Zachodniopomorskie 2023"]
[Site "Darlowek"]
[Date "1899-12-30"]
[Round "7.21"]
[White "Wolski, Ernest"]
[Black "Terkiewicz, Bruno"]
[Result "0-0"]
[WhiteTitle "II"]
[BlackTitle "I++"]
[WhiteElo "1317"]
[BlackElo "1998"]

1. d4 Nf6 2. Bf4 d5 3. Nf3 c5 4. c3 Nc6 5. e3 Qb6 6. Qb3 c4 7. Qxb6 axb6 8. Nbd2
b5 9. h3 Bf5 10. g4 Bg6 11. Nh4 e6 12. Nxg6 hxg6 13. Bg2 b4 14. Ke2 Kd7 15. Rhb1
Ra7 16. a3 bxa3 17. bxa3 Bxa3 18. Nxc4 dxc4 19. Rxa3 Rha8 20. Rxb7+ Rxb7 21. Rxa8
Nd5 22. Bxd5 Rb2+ 23. Kd1 exd5 24. Bg3 g5 25. Kc1 Re2 26. Kd1 Rb2 0-1

[Event "Mistrzostwa Polski Juniorow Mlodszych do lat 14 - OOM Zachodniopomorskie 2023"]
[Site "Darlowek"]
[Date "1899-12-30"]
[Round "7.22"]
[White "Kowalski, Witold"]
[Black "Uhryn, Lukasz"]
[Result "0-1"]
[WhiteTitle "I+"]
[BlackTitle "I"]
[WhiteElo "1662"]
[BlackElo "1455"]

1. e4 c5 2. Nf3 e6 3. d4 cxd4 4. Nxd4 Nf6 5. Nc3 Nc6 6. Ndb5 Bb4 7. a3 Bxc3+ 8.
Nxc3 d5 9. exd5 exd5 10. Bd3 O-O 11. O-O d4 12. Ne4 Bf5 13. Bg5 Bxe4 14. Bxe4
h6 15. Bxf6 Qxf6 16. Re1 Rad8 17. Qd2 Qd6 18. Rad1 Qc7 19. Qd3 Ne5 20. Qb5 Ng4
21. g3 b6 22. Bf5 Nf6 23. Qb4 a5 24. Qb3 Qc5 25. Bd3 Ng4 26. Qb5 Qd6 27. Re4 Nf6
28. Re5 Rfe8 29. Rde1 Kf8 30. h3 Rxe5 31. Qxe5 Qxe5 32. Rxe5 Rd5 33. Re2 Rd6 34.
Bc4 Nd7 35. Kg2 Nc5 0-1

[Event "Mistrzostwa Polski Juniorow Mlodszych do lat 14 - OOM Zachodniopomorskie 2023"]
[Site "Darlowek"]
[Date "1899-12-30"]
[Round "7.23"]
[White "Wasiluk, Mateusz"]
[Black "Lechowski, Witold"]
[Result "1/2-1/2"]
[WhiteTitle "II+"]
[BlackTitle "I"]
[WhiteElo "1570"]
[BlackElo "1650"]

1. e4 c5 2. Nf3 d6 3. Bb5+ Nd7 4. Ba4 Ngf6 5. O-O e6 6. Re1 a6 7. c4 Be7 8. Nc3
O-O 9. d4 cxd4 10. Qxd4 Qc7 11. Bxd7 Nxd7 12. Bg5 Bxg5 13. Nxg5 Qc5 14. Qxc5 dxc5
15. Rad1 Nb6 16. b3 Bd7 17. e5 Bc6 18. a4 Rfd8 19. Nge4 Nd7 20. f4 Kf8 21. Rd6
Ke7 22. a5 h6 23. h4 f6 24. exf6+ gxf6 25. Rd2 f5 26. Ng3 Kf7 27. Nh1 Nf6 28.
Rde2 Rd3 29. Re3 Rad8 30. Nf2 Rxe3 31. Rxe3 Rd2 32. Re2 Rd4 33. g3 Rd8 1/2-1/2

[Event "Mistrzostwa Polski Juniorow Mlodszych do lat 14 - OOM Zachodniopomorskie 2023"]
[Site "Darlowek"]
[Date "1899-12-30"]
[Round "7.24"]
[White "Jagodzinski, Jaromir"]
[Black "Prokopiuk, Jakub"]
[Result "0-1"]
[WhiteTitle "II+"]
[BlackTitle "I"]
[WhiteElo "1473"]
[BlackElo "1562"]

1. e4 c5 2. Nf3 Nc6 3. d4 cxd4 4. Nxd4 Nf6 5. Nc3 d6 6. Bg5 e6 7. f4 Be7 8. Nxc6
bxc6 9. Qf3 O-O 10. g4 Bb7 11. Bxf6 Bxf6 12. g5 Bxc3+ 13. Qxc3 f5 14. Bc4 d5 15.
exd5 cxd5 16. Qb4 dxc4 17. Qxb7 Qd4 18. Qf3 Qxb2 19. O-O Qxc2 20. Rfe1 Qb2 21.
Rad1 Rad8 22. Rxe6 c3 23. Rc6 c2 24. Rf1 Rd2 25. Qb3+ Qxb3 26. axb3 Re8 27. g6
hxg6 28. Rxg6 Rc8 0-1

[Event "Mistrzostwa Polski Juniorow Mlodszych do lat 14 - OOM Zachodniopomorskie 2023"]
[Site "Darlowek"]
[Date "1899-12-30"]
[Round "7.25"]
[White "Niesyt, Michal"]
[Black "Zielen, Stanislaw"]
[Result "1-0"]
[WhiteTitle "I"]
[BlackTitle "II+"]
[WhiteElo "1710"]
[BlackElo "1356"]

1. e4 c5 2. Nf3 Nc6 3. d4 cxd4 4. Nxd4 Nf6 5. Nc3 g6 6. Bc4 Bg7 7. O-O O-O 8. Be3
d6 9. h3 Bd7 10. Bb3 Na5 11. Qd3 a6 12. Nd5 Nxb3 13. axb3 Nxd5 14. exd5 Rc8 15.
c4 e5 16. dxe6 fxe6 17. Qe4 e5 18. Qd5+ Kh8 19. Ne6 Bxe6 20. Qxe6 Rf6 21. Qd5
Qc7 22. Rfd1 h6 23. Ra4 Qc6 24. Rb4 Qxd5 25. Rxd5 Rc7 26. Rb6 Bf8 27. Rxe5 dxe5
28. Rxf6 Kg7 29. Re6 Re7 30. Rd6 Rc7 31. Rd5 Kf6 32. Kf1 Ke6 33. Rd2 Rd7 34. Rxd7
Kxd7 35. Ke2 Ke6 36. Kd3 h5 37. Ke4 Bb4 38. Bb6 Bd2 39. Be3 Bb4 40. g4 hxg4 41.
hxg4 Be7 42. Bd2 Bd8 43. Bc3 Bc7 44. f3 Bd6 45. Be1 Bc5 46. b4 Be7 47. Bc3 Bd6
48. Be1 g5 49. Bg3 Bc7 50. Ke3 Bd6 51. Be1 Be7 52. Kd3 Bf6 53. Kc2 Be7 54. Kb3
e4 55. fxe4 Ke5 56. Ka4 Kxe4 57. b5 Bd8 58. bxa6 bxa6 59. Ba5 Be7 60. Bb6 Bf6
61. b4 Bc3 62. Ka5 Kd3 63. c5 1-0

[Event "Mistrzostwa Polski Juniorow Mlodszych do lat 14 - OOM Zachodniopomorskie 2023"]
[Site "Darlowek"]
[Date "1899-12-30"]
[Round "7.26"]
[White "Werblinski, Wojciech"]
[Black "Grobelny, Mikolaj"]
[Result "0-1"]
[WhiteTitle "II"]
[BlackTitle "I"]
[WhiteElo "1253"]
[BlackElo "1577"]

1. e4 c5 2. Nf3 e6 3. d4 cxd4 4. Nxd4 a6 5. Nc3 Qc7 6. Be3 Bb4 7. Qd2 Nf6 8. f3
d5 9. Bd3 e5 10. O-O exd4 11. Bxd4 Bc5 12. Be2 Qb6 13. Bxc5 Qxc5+ 14. Kh1 Be6
15. Rad1 d4 16. Na4 Qd6 17. c3 d3 18. Bxd3 O-O 19. Qe3 Nbd7 20. c4 Qc6 21. b3
Ne5 22. Nc3 Nxd3 23. Rxd3 Rad8 24. Nd5 Bxd5 25. cxd5 Qb5 26. Rc1 Rc8 27. Rdc3
Rxc3 28. Qxc3 Qd7 29. Qc7 Qxc7 30. Rxc7 Rb8 31. Kg1 g5 32. Kf2 Ne8 33. Rc5 f6
34. Ke3 Kf7 35. Kd4 Ke7 36. e5 Kd7 37. Ke4 fxe5 38. Kxe5 Nd6 39. Kf6 Rg8 40. a4
g4 0-1

[Event "Mistrzostwa Polski Juniorow Mlodszych do lat 14 - OOM Zachodniopomorskie 2023"]
[Site "Darlowek"]
[Date "1899-12-30"]
[Round "8.1"]
[White "Liskiewicz, Jakub"]
[Black "Sowinski, Pawel"]
[Result "0-1"]
[WhiteTitle "I++"]
[BlackTitle "FM"]
[WhiteElo "1902"]
[BlackElo "2313"]

1. d4 d5 2. c4 dxc4 3. e3 a6 4. Bxc4 Nf6 5. a4 Nc6 6. Nc3 e6 7. Nf3 Bd6 8. O-O
O-O 9. h3 e5 10. dxe5 Nxe5 11. Nxe5 Bxe5 12. Qb3 Qe7 13. Bd2 Bf5 14. Nd5 Nxd5
15. Bxd5 Rfd8 16. Bb4 Qf6 17. f4 Bxb2 18. Rad1 c6 19. Bf3 b6 20. Rxd8+ Rxd8 21.
Rf2 Bc1 22. Bc3 Qe7 23. Be5 Rd3 24. Qxb6 Bxe3 25. Qxa6 Rd2 26. Qa8+ Qf8 27. Qxf8+
Kxf8 28. Be2 Rxe2 0-1

[Event "Mistrzostwa Polski Juniorow Mlodszych do lat 14 - OOM Zachodniopomorskie 2023"]
[Site "Darlowek"]
[Date "1899-12-30"]
[Round "8.2"]
[White "Zielonka, Adam"]
[Black "Warchol, Kamil"]
[Result "1/2-1/2"]
[WhiteTitle "I++"]
[BlackTitle "FM"]
[WhiteElo "2100"]
[BlackElo "2103"]

1. e4 e5 2. Nf3 Nc6 3. Bc4 Nf6 4. d4 exd4 5. e5 d5 6. Bb5 Nd7 7. O-O Be7 8. Bxc6
bxc6 9. Nxd4 Nxe5 10. Bf4 c5 11. Bxe5 cxd4 12. Bxg7 Rg8 13. Be5 c5 14. b4 cxb4
15. Re1 Qb6 16. Bxd4 Qg6 17. g3 Bg4 18. Qd2 Kf8 19. c3 a5 20. Qe3 Qe6 21. Qc1
Qc6 22. Qe3 Qe6 23. Qc1 Qc6 24. Qe3 Qe6 25. Qc1 1/2-1/2

[Event "Mistrzostwa Polski Juniorow Mlodszych do lat 14 - OOM Zachodniopomorskie 2023"]
[Site "Darlowek"]
[Date "1899-12-30"]
[Round "8.3"]
[White "Bochniak, Franciszek"]
[Black "Ratajczak, Hubert"]
[Result "1-0"]
[WhiteTitle "I++"]
[BlackTitle "I"]
[WhiteElo "1884"]
[BlackElo "1972"]

1. d4 Nf6 2. Bg5 e6 3. e4 h6 4. Bxf6 Qxf6 5. c3 d6 6. Bc4 Qg6 7. Qf3 Nd7 8. Nd2
c5 9. Ne2 Be7 10. O-O O-O 11. Qe3 Rb8 12. a4 a6 13. Bd3 e5 14. f4 h5 15. Kh1 Qh6
16. Qf2 g5 17. fxe5 dxe5 18. d5 b5 19. axb5 axb5 20. Ng3 Nf6 21. Ra7 Ng4 22. Qf3
h4 23. Nf5 Bxf5 24. exf5 Nf6 25. Rxe7 g4 26. Qe2 c4 27. Bb1 Rfe8 28. d6 Nd5 29.
Rxe8+ Rxe8 30. d7 Rd8 31. Qxe5 1-0

[Event "Mistrzostwa Polski Juniorow Mlodszych do lat 14 - OOM Zachodniopomorskie 2023"]
[Site "Darlowek"]
[Date "1899-12-30"]
[Round "8.4"]
[White "Rekuc, Patryk"]
[Black "Suska, Szymon"]
[Result "1/2-1/2"]
[WhiteTitle "I"]
[BlackTitle "I"]
[WhiteElo "1852"]
[BlackElo "1879"]

1. e4 c5 2. Nf3 e6 3. g3 Nc6 4. Bg2 a6 5. O-O Nf6 6. Re1 d6 7. c3 Be7 8. d4 cxd4
9. cxd4 O-O 10. Nc3 e5 11. h3 exd4 12. Nxd4 Nxd4 13. Qxd4 Be6 14. Rd1 Qa5 15.
Bf4 Rfd8 16. b4 Qh5 17. g4 Qg6 18. Qe3 h5 19. g5 Nd7 20. Nd5 Bf8 21. Bg3 Bxd5
22. Rxd5 Qe6 23. Rad1 Rac8 24. Bxd6 Re8 25. f4 g6 26. Bxf8 Nxf8 27. Qf2 Qe7 28.
a3 Rc6 29. h4 Qc7 30. f5 Rc2 31. R5d2 Rxd2 32. Rxd2 Qc1+ 33. Kh2 Qxa3 34. fxg6
Nxg6 35. Rd7 Ne5 36. Qf5 Nxd7 37. Qxd7 Rf8 38. Qxb7 Qc3 39. Qxa6 Qxb4 40. g6 Qb8+
41. Kh3 Qb3+ 42. Kh2 Qb8+ 43. Kh3 Qf4 44. gxf7+ Kg7 45. Qe2 Qxf7 46. Qb2+ Kh7
47. Qe5 Qg6 48. Qg3 Qe6+ 49. Kh2 Rg8 50. Qf2 Qe5+ 51. Kh3 Kh8 52. Qf3 Rb8 53.
Qe3 Qe6+ 54. Kh2 Re8 55. Qd4+ Kh7 56. Bh3 Qxe4 57. Qxe4+ Rxe4 1/2-1/2

[Event "Mistrzostwa Polski Juniorow Mlodszych do lat 14 - OOM Zachodniopomorskie 2023"]
[Site "Darlowek"]
[Date "1899-12-30"]
[Round "8.5"]
[White "Bartodziej, Bartosz"]
[Black "Cieslak, Patryk"]
[Result "0-1"]
[WhiteTitle "I"]
[BlackTitle "FM"]
[WhiteElo "1936"]
[BlackElo "2319"]

1. e4 e5 2. Nf3 Nc6 3. Bb5 a6 4. Bxc6 dxc6 5. d4 exd4 6. Qxd4 Qxd4 7. Nxd4 c5 8.
Ne2 Bd7 9. Nbc3 Bd6 10. Bf4 Bxf4 11. Nxf4 O-O-O 12. O-O-O Ne7 13. Rhe1 Nc6 14.
Ncd5 b6 15. f3 Rde8 16. Ne3 Be6 17. Nxe6 fxe6 18. f4 Rhf8 19. Rf1 Rf7 20. c3 Ne7
21. Rf2 Ref8 22. Rdf1 b5 23. Kc2 c4 24. b3 cxb3+ 25. axb3 Kb7 26. g4 Nc8 27. e5
Ne7 28. Kd3 Nc6 29. Ke4 g6 30. f5 exf5+ 31. gxf5 Re8 32. Ng4 h5 33. fxg6 Rg7 34.
Nf6 Rxe5+ 35. Kd3 Rxg6 36. Rf5 Rg2 37. Rxh5 Rxh5 38. Nxh5 Rxh2 39. Nf4 Na5 40.
b4 Nc4 41. Rg1 Nb2+ 42. Ke4 Na4 43. Nd5 Rh6 44. Rg2 Rc6 45. Kd4 Rc4+ 46. Kd3 Rc6
47. Kd4 Rc4+ 48. Kd3 Nxc3 49. Nxc3 Rxb4 50. Ne4 Kb6 51. Nf6 Rb3+ 52. Kc2 Rh3 53.
Nd5+ Kc6 54. Nb4+ Kb7 55. Rg7 Rh4 56. Kb3 a5 57. Nd5 Rc4 58. Rg6 Rd4 59. Rg5 c6
60. Rg7+ Ka6 61. Nc7+ Kb6 62. Na8+ Kc5 63. Nc7 a4+ 64. Kc2 Kc4 65. Na6 b4 66.
Rg6 b3+ 67. Kc1 a3 68. Rg5 b2+ 69. Kc2 Rd2+ 70. Kxd2 b1=Q 71. Rg4+ Kb5 72. Nc7+
Kb6 73. Na8+ Kb7 0-1

[Event "Mistrzostwa Polski Juniorow Mlodszych do lat 14 - OOM Zachodniopomorskie 2023"]
[Site "Darlowek"]
[Date "1899-12-30"]
[Round "8.6"]
[White "Kraczek, Cezary"]
[Black "Lecki, Leonard"]
[Result "1-0"]
[WhiteTitle "I"]
[BlackTitle "I+"]
[WhiteElo "1720"]
[BlackElo "1962"]

1. Nf3 c5 2. g3 Nc6 3. d4 cxd4 4. Nxd4 g6 5. Bg2 Bg7 6. Be3 Nf6 7. Nxc6 bxc6 8.
c4 Qa5+ 9. Qd2 Qxd2+ 10. Bxd2 Ba6 11. Na3 d5 12. Bc3 O-O 13. O-O Rad8 14. Rfd1
Rfe8 15. e3 e5 16. cxd5 Nxd5 17. Ba5 Rb8 18. e4 Nb4 19. Rd7 Bf8 20. Bf1 Bc8 21.
Rd2 Bc5 22. Nc4 Na6 23. a3 Re6 24. Rd8+ Kg7 25. Bh3 Be7 26. Re8 f5 27. exf5 gxf5
28. Bxf5 Kf7 29. Rh8 Bf8 30. Rxh7+ Kg8 31. Rxa7 Re7 32. Rxe7 Bxe7 33. Bxc8 Rxc8
34. Nxe5 Bf6 35. Bc3 Nc5 36. Ng6 Kf7 37. Bxf6 Kxf6 38. Nf4 Rb8 39. Rc1 Ne4 40.
Rxc6+ Ke5 41. Rc2 Rb3 42. h4 Kf5 43. Kg2 Kg4 44. Ne2 Rf3 45. Ng1 Rd3 46. f3+ Kf5
47. fxe4+ Kxe4 48. Re2+ Kf5 49. Nf3 Rd1 50. Kh3 Rh1+ 51. Nh2 Rg1 52. Rf2+ Kg6
53. Kg4 Rh1 54. h5+ Kh6 55. Kh4 Rc1 56. g4 Rc4 57. Rf6+ Kg7 58. Kg5 Rc5+ 59. Rf5
Rc6 60. Nf3 Rb6 61. h6+ Kh7 62. Rf7+ Kg8 63. Re7 Rxb2 64. Nh4 Rb5+ 65. Nf5 Rb6
66. Ra7 Kh8 67. Kh5 Rb1 68. a4 Kg8 69. g5 Rc1 70. g6 Rc8 71. Ne7+ Kh8 72. Nxc8
Kg8 73. Nd6 Kf8 74. g7+ Kg8 75. Ra8+ 1-0

[Event "Mistrzostwa Polski Juniorow Mlodszych do lat 14 - OOM Zachodniopomorskie 2023"]
[Site "Darlowek"]
[Date "1899-12-30"]
[Round "8.7"]
[White "Przybylski, Jan"]
[Black "Komendecki, Antoni"]
[Result "1/2-1/2"]
[WhiteTitle "I+"]
[BlackTitle "I++"]
[WhiteElo "1671"]
[BlackElo "1999"]

1. e4 c5 2. Nf3 e6 3. d4 cxd4 4. Nxd4 a6 5. Nc3 b5 6. Bd3 Bb7 7. O-O Nc6 8. Be3
Nf6 9. Qe2 Qc7 10. f4 b4 11. Na4 d5 12. e5 Nd7 13. Qf2 g6 14. Rac1 Nxd4 15. Bxd4
Bc6 16. Nb6 Nxb6 17. Bxb6 Qd7 18. Rfd1 Be7 19. c3 bxc3 20. Rxc3 O-O 21. Rdc1 Rfc8
22. Qd4 a5 23. Bc5 Bb7 24. Bxe7 Qxe7 25. Qb6 Rxc3 26. Rxc3 Qb4 27. Qxb4 axb4 28.
Rc7 Ba6 29. Bxa6 Rxa6 30. Rb7 Rxa2 31. Rxb4 Kg7 32. Kf2 h6 33. Rb7 Ra4 34. g3
Re4 35. Kf3 g5 36. b4 Kg6 37. b5 Rb4 38. Ke3 Rb3+ 39. Kd4 gxf4 40. gxf4 Rb4+ 41.
Ke3 h5 42. b6 h4 43. Kf3 Rb3+ 44. Kg4 h3 45. Rb8 Kg7 46. b7 Kh7 47. Kh4 1/2-1/2